<?xml version="1.0" encoding="UTF-8"?>
<record
    xmlns:xsi="http://www.w3.org/2001/XMLSchema-instance"
    xsi:schemaLocation="http://www.loc.gov/MARC21/slim http://www.loc.gov/standards/marcxml/schema/MARC21slim.xsd"
    xmlns="http://www.loc.gov/MARC21/slim">

  <leader>01412nam a22002537a 4500</leader>
  <controlfield tag="005">20170124103201.0</controlfield>
  <datafield tag="010" ind1=" " ind2=" ">
    <subfield code="a">B-092770</subfield>
  </datafield>
  <datafield tag="020" ind1=" " ind2=" ">
    <subfield code="c">40.00</subfield>
    <subfield code="a">8178120240</subfield>
  </datafield>
  <datafield tag="035" ind1=" " ind2=" ">
    <subfield code="a">B-092770</subfield>
  </datafield>
  <datafield tag="037" ind1=" " ind2=" ">
    <subfield code="b">Cen Lib/Ret</subfield>
  </datafield>
  <datafield tag="040" ind1=" " ind2=" ">
    <subfield code="a">DPL</subfield>
    <subfield code="b">HN</subfield>
  </datafield>
  <datafield tag="082" ind1=" " ind2=" ">
    <subfield code="a">954.53</subfield>
    <subfield code="b">&#x906;&#x930;&#x917;&#x941; </subfield>
  </datafield>
  <datafield tag="100" ind1=" " ind2=" ">
    <subfield code="a">&#x906;&#x930;. &#x917;&#x941;&#x92A;&#x94D;&#x924;&#x93E; </subfield>
    <subfield code="9">57762</subfield>
  </datafield>
  <datafield tag="245" ind1=" " ind2=" ">
    <subfield code="a">&#x92C;&#x93F;&#x939;&#x93E;&#x930; &#x938;&#x93E;&#x92E;&#x93E;&#x928;&#x94D;&#x92F; &#x91C;&#x94D;&#x91E;&#x93E;&#x928; :</subfield>
    <subfield code="c">&#x917;&#x941;&#x92A;&#x94D;&#x924;&#x93E; &#x906;&#x930;.</subfield>
    <subfield code="b">&#x930;&#x93E;&#x91C;&#x94D;&#x92F; &#x915;&#x940; &#x92A;&#x94D;&#x930;&#x924;&#x93F;&#x92F;&#x94B;&#x917;&#x940; &#x92A;&#x930;&#x940;&#x915;&#x94D;&#x937;&#x93E;&#x92F;&#x94B;&#x902; &#x939;&#x947;&#x924;&#x941; &#x90F;&#x915; &#x935;&#x93F;&#x936;&#x94D;&#x935;&#x938;&#x928;&#x940;&#x92F; &#x92A;&#x941;&#x938;&#x94D;&#x924;&#x915; &#x935;&#x938;&#x94D;&#x924;&#x941;&#x928;&#x93F;&#x937;&#x94D;&#x920; &#x92A;&#x94D;&#x930;&#x936;&#x94D;&#x928;&#x94B;&#x902; &#x938;&#x939;&#x93F;&#x924; /</subfield>
  </datafield>
  <datafield tag="246" ind1=" " ind2=" ">
    <subfield code="a">Bihar samanya gyan : rajya ki pratoyogi parikshayon hetu ek vishwasniya pustak vastunishth prashnon sahit /</subfield>
    <subfield code="b">by R. Gupta </subfield>
  </datafield>
  <datafield tag="260" ind1=" " ind2=" ">
    <subfield code="a">&#x928;&#x92F;&#x940; &#x926;&#x93F;&#x932;&#x94D;&#x932;&#x940; </subfield>
    <subfield code="b">&#x930;&#x92E;&#x947;&#x936; &#x92A;&#x92C;&#x94D;&#x932;&#x93F;&#x936;&#x93F;&#x902;&#x917; &#x939;&#x93E;&#x909;&#x938; </subfield>
    <subfield code="c">2005</subfield>
  </datafield>
  <datafield tag="270" ind1=" " ind2=" ">
    <subfield code="a">12-H, &#x928;&#x94D;&#x92F;&#x942; &#x926;&#x930;&#x93F;&#x92F;&#x93E;&#x917;&#x902;&#x91C; </subfield>
    <subfield code="b">&#x928;&#x92F;&#x940; &#x926;&#x93F;&#x932;&#x94D;&#x932;&#x940; </subfield>
    <subfield code="e">110002</subfield>
  </datafield>
  <datafield tag="300" ind1=" " ind2=" ">
    <subfield code="a">vi, 116&#x92A;&#x943;. </subfield>
    <subfield code="c">21&#x938;&#x947;&#x92E;&#x940; (&#x938;&#x91C;&#x93F;&#x932;&#x94D;&#x926;)</subfield>
  </datafield>
  <datafield tag="650" ind1=" " ind2=" ">
    <subfield code="a">&#x938;&#x93E;&#x92E;&#x93E;&#x928;&#x94D;&#x92F; &#x91C;&#x94D;&#x91E;&#x93E;&#x928; &#x92A;&#x941;&#x938;&#x94D;&#x924;&#x915; </subfield>
    <subfield code="9">1886</subfield>
  </datafield>
  <datafield tag="650" ind1=" " ind2=" ">
    <subfield code="a">&#x935;&#x938;&#x94D;&#x924;&#x941;&#x928;&#x93F;&#x937;&#x94D;&#x920; &#x92A;&#x94D;&#x930;&#x936;&#x928;, &#x90F;&#x915;&#x94D;&#x938;&#x930;&#x938;&#x93E;&#x907;&#x91C; &#x906;&#x926;&#x93F; </subfield>
    <subfield code="9">91861</subfield>
  </datafield>
  <datafield tag="650" ind1=" " ind2=" ">
    <subfield code="a">General knowledge books</subfield>
    <subfield code="9">41201</subfield>
  </datafield>
  <datafield tag="650" ind1=" " ind2=" ">
    <subfield code="a">Objective questions, exercises, etc.</subfield>
    <subfield code="9">91862</subfield>
  </datafield>
  <datafield tag="942" ind1=" " ind2=" ">
    <subfield code="2">ddc</subfield>
    <subfield code="c">HN</subfield>
    <subfield code="h">954.53</subfield>
    <subfield code="m">&#x906;&#x930;&#x917;&#x941; </subfield>
  </datafield>
  <datafield tag="999" ind1=" " ind2=" ">
    <subfield code="c">120666</subfield>
    <subfield code="d">120666</subfield>
  </datafield>
  <datafield tag="952" ind1=" " ind2=" ">
    <subfield code="0">0</subfield>
    <subfield code="1">0</subfield>
    <subfield code="4">0</subfield>
    <subfield code="7">0</subfield>
    <subfield code="a">L</subfield>
    <subfield code="b">L</subfield>
    <subfield code="d">2015-09-28</subfield>
    <subfield code="e">Cen Lib/Ret</subfield>
    <subfield code="g">40.00</subfield>
    <subfield code="l">2</subfield>
    <subfield code="o">954.53 &#x906;&#x930;&#x917;&#x941;</subfield>
    <subfield code="p">B-092770</subfield>
    <subfield code="r">2019-01-10 00:00:00</subfield>
    <subfield code="s">2018-12-27</subfield>
    <subfield code="t">1</subfield>
    <subfield code="v">40.00</subfield>
    <subfield code="w">2015-09-28</subfield>
    <subfield code="y">HN</subfield>
  </datafield>
</record>
